[Event "Hasselbacken Open 2021"]
[Site "Stockholm"]
[Date "2021.11.05"]
[Round "1.7"]
[White "Ranby, Hans"]
[Black "Sorensen, Hampus"]
[Result "0-1"]
[WhiteElo "1838"]
[BlackElo "2377"]
[Annotator "ChessBase"]
[PlyCount "81"]
[EventDate "2021.11.05"]
[EventType "swiss"]
[EventCountry "SWE"]
[SourceTitle "playchess.com"]
[Source "ChessBase"]
[SourceQuality "1"]
[TimeControl "900+5"]

1. Nf3 {[%emt 0:00:00]} d5 {[%emt 0:00:00]} 2. e3 {[%emt 0:00:00]} Nf6 {
[%emt 0:15:15]} 3. c4 {[%emt 0:15:20]} c6 {[%emt 0:00:05]} 4. b3 {[%emt 0:00:
05]} Bg4 {[%emt 0:00:05]} 5. Bb2 {[%emt 0:00:05]} e6 {[%emt 0:00:05]} 6. Be2 {
[%emt 0:00:05]} Nbd7 {[%emt 0:00:05]} 7. Nc3 {[%emt 0:00:05]} Bd6 {[%emt 0:00:
05]} 8. O-O {[%emt 0:00:05]} O-O {[%emt 0:00:05]} 9. d4 {[%emt 0:00:05]} Re8 {
[%emt 0:00:05]} 10. Qc2 {[%emt 0:00:05]} a6 {[%emt 0:00:05]} 11. Rac1 {[%emt 0:
00:05]} Rc8 {[%emt 0:00:05]} 12. Qb1 {[%emt 0:00:05]} Qe7 {[%emt 0:00:05]} 13.
Rfd1 {[%emt 0:00:05]} dxc4 {[%emt 0:00:05]} 14. bxc4 {[%emt 0:00:05]} e5 {
[%emt 0:00:05]} 15. d5 {[%emt 0:00:05]} e4 {[%emt 0:00:05]} 16. Nd4 {[%emt 0:
00:05]} c5 {[%emt 0:00:05]} 17. Nb3 {[%emt 0:00:05]} Qe5 {[%emt 0:00:05]} 18.
g3 {[%emt 0:00:05]} Bxe2 {[%emt 0:00:05]} 19. Nxe2 {[%emt 0:00:05]} Qh5 {
[%emt 0:00:05]} 20. Nf4 {[%emt 0:00:05]} Bxf4 {[%emt 0:00:05]} 21. exf4 {
[%emt 0:00:05]} Ng4 {[%emt 0:00:05]} 22. h4 {[%emt 0:00:05]} e3 {[%emt 0:00:05]
} 23. f3 {[%emt 0:00:05]} Nf2 {[%emt 0:00:05]} 24. Kg2 {[%emt 0:00:05]} Nxd1 {
[%emt 0:00:05]} 25. Rxd1 {[%emt 0:00:05]} b5 {[%emt 0:00:05]} 26. Qc1 {[%emt 0:
00:05]} e2 {[%emt 0:00:05]} 27. Qc3 {[%emt 0:00:05]} Qg6 {[%emt 0:00:05]} 28.
Re1 {[%emt 0:00:05]} bxc4 {[%emt 0:00:05]} 29. Qxc4 {[%emt 0:00:05]} Nb6 {
[%emt 0:00:05]} 30. Qxa6 {[%emt 0:00:05]} Nxd5 {[%emt 0:00:05]} 31. Qxg6 {
[%emt 0:00:05]} hxg6 {[%emt 0:00:05]} 32. Nc1 {[%emt 0:00:05]} Rb8 {[%emt 0:00:
05]} 33. Ba3 {[%emt 0:00:05]} Ne3+ {[%emt 0:00:05]} 34. Kf2 {[%emt 0:00:05]}
Nc2 {[%emt 0:00:05]} 35. Bxc5 {[%emt 0:00:05]} Nxe1 {[%emt 0:00:05]} 36. Kxe1 {
[%emt 0:00:05]} Rb1 {[%emt 0:00:05]} 37. Ba3 {[%emt 0:00:05]} Ra8 {[%emt 0:00:
05]} 38. Bd6 {[%emt 0:00:05]} Rxc1+ {[%emt 0:00:05]} 39. Kxe2 {[%emt 0:00:05]}
Rxa2+ {[%emt 0:00:05]} 40. Ke3 {[%emt 0:00:05]} Re1+ {[%emt 0:00:05]} 41. Kd4 {
[%emt 0:00:05]} 0-1

[Event "Hasselbacken Open 2021"]
[Site "Stockholm"]
[Date "2021.11.05"]
[Round "4.10"]
[White "Briem, Stephan"]
[Black "Crevatin, Leo"]
[Result "1/2-1/2"]
[WhiteElo "2059"]
[BlackElo "2243"]
[Annotator "TA"]
[PlyCount "90"]
[EventDate "2021.11.05"]
[EventType "swiss"]
[EventCountry "SWE"]
[SourceTitle "playchess.com"]
[Source "ChessBase"]
[SourceQuality "1"]

{[%evp 9,90,3,-1,3,3,-7,11,-7,-10,-19,14,17,17,19,24,25,22,11,28,31,67,63,61,
62,84,-11,-5,-5,-5,-5,-5,-18,-16,-16,-18,-16,-14,-12,-8,-14,-8,-30,-9,-13,0,
-92,-92,-90,-47,-46,-45,-51,-41,-32,-24,-25,-31,-44,-29,-93,-81,-88,-80,-81,0,
0,-1,-2,0,0,0,0,0,0,0,0,0,0,0,0,0,0,60]} 1. d4 Nf6 2. c4 e6 3. Nc3 Bb4 4. e3
O-O 5. Nge2 c6 6. a3 {E46: Nimzo-Indian: Rubinstein: 4 e3 0-0 5 Ne2 without
early Bd3.} Ba5 7. b4 Bc7 8. Bb2 d5 9. Ng3 e5 10. cxd5 exd4 11. Qxd4 {[#]} cxd5
$146 ({Predecessor:} 11... Bb6 12. Qd2 cxd5 13. Rd1 Be6 14. Be2 Qd7 15. Nb5 Ne8
16. Nh5 Bd8 17. Nf4 Bf6 {1-0 (35) Redzisz,M (2319)-Maciejewski,K (1942)
Szklarska Poreba 2021}) 12. Qd2 Nc6 13. Nb5 Bb6 14. Be2 Bg4 15. O-O $1 {
aiming for Bxf6.} Bxe2 16. Qxe2 a6 {[#]} 17. Nd4 ({Better is} 17. Nc3 $1 $16)
17... Nxd4 18. Bxd4 Bxd4 19. exd4 Re8 20. Qd3 Rc8 21. Rac1 g6 22. h3 Qd6 23.
Rc5 Nd7 24. Rxc8 Rxc8 25. Re1 Nb6 26. Qe3 Nc4 27. Qe7 {[#]} (27. Qg5 $11 {
keeps the balance.} Qd8 28. Re7) 27... Qxe7 $1 $17 28. Rxe7 Nxa3 29. Rxb7 {
[%mdl 4096] Endgame KRN-KRN} Rc1+ 30. Kh2 Rc4 31. Rb6 Nc2 32. Rxa6 Nxb4 33. Ra4
Rxd4 34. Ne2 (34. Nf1 $1 $11 {remains equal.}) 34... Rc4 35. Kg3 Kg7 36. Nf4 {
Strongly threatening Nxd5!} Rc3+ ({Black should try} 36... Nc6 $17 37. Rxc4
dxc4) 37. f3 $11 {The position is equal.} Rb3 38. Ra7 d4 39. Ne6+ Kf6 40. Nxd4
Rd3 41. Ne2 h5 42. h4 Nd5 43. Nf4 Nxf4 44. Kxf4 Rd4+ 45. Kg3 Ke5 {Weighted
Error Value: White=0.14/Black=0.08} (45... Rb4 $11) 1/2-1/2

[Event "Hasselbacken Open 2021"]
[Site "Stockholm"]
[Date "2021.11.05"]
[Round "1.8"]
[White "Lindgren, Philip"]
[Black "Andersson, Bjorn"]
[Result "1-0"]
[WhiteElo "2357"]
[BlackElo "2281"]
[Annotator "ChessBase"]
[PlyCount "89"]
[EventDate "2021.11.05"]
[EventType "swiss"]
[EventCountry "SWE"]
[SourceTitle "playchess.com"]
[Source "ChessBase"]
[SourceQuality "1"]
[TimeControl "900+5"]

1. d4 {[%emt 0:00:05]} e6 {[%emt 0:00:01]} 2. c4 {[%emt 0:00:03]} d5 {[%emt 0:
00:00]} 3. Nf3 {[%emt 0:00:03]} Nf6 {[%emt 0:00:02]} 4. g3 {[%emt 0:00:01]} Be7
{[%emt 0:00:05]} 5. Bg2 {[%emt 0:00:15]} O-O {[%emt 0:00:05]} 6. O-O {[%emt 0:
00:08]} b6 {[%emt 0:00:10]} 7. Ne5 {[%emt 0:00:55]} Bb7 {[%emt 0:00:08]} 8. Nc3
{[%emt 0:00:02]} Nbd7 {[%emt 0:00:15]} 9. Qa4 {[%emt 0:01:16]} Nxe5 {[%emt 0:
00:41]} 10. dxe5 {[%emt 0:00:02]} Ne4 {[%emt 0:00:33]} 11. Nxe4 {[%emt 0:02:04]
} dxe4 {[%emt 0:00:14]} 12. Rd1 {[%emt 0:00:50]} Qe8 {[%emt 0:00:36]} 13. Qc2 {
[%emt 0:00:45]} Qc6 {[%emt 0:00:24]} 14. Be3 {[%emt 0:01:49]} Rfd8 {[%emt 0:00:
15]} 15. Bd4 {[%emt 0:01:40]} a5 {[%emt 0:00:52]} 16. e3 {[%emt 0:00:09]} a4 {
[%emt 0:01:47]} 17. Rac1 {[%emt 0:00:13]} f5 {[%emt 0:02:25]} 18. exf6 {
[%emt 0:00:23]} Bxf6 {[%emt 0:00:18]} 19. Bxf6 {[%emt 0:01:00]} gxf6 {[%emt 0:
00:02]} 20. Qe2 {[%emt 0:00:24]} f5 {[%emt 0:00:53]} 21. Qh5 {[%emt 0:00:25]}
Rd6 {[%emt 0:01:38]} 22. Qg5+ {[%emt 0:00:33]} Kf7 {[%emt 0:00:17]} 23. Bf1 {
[%emt 0:00:56]} Rg8 {[%emt 0:00:28]} 24. Qh6 {[%emt 0:00:20]} Rg7 {[%emt 0:00:
21]} 25. Be2 {[%emt 0:00:09]} Kg8 {[%emt 0:00:10]} 26. Qf6 {[%emt 0:00:53]} Qe8
{[%emt 0:01:04]} 27. Rxd6 {[%emt 0:01:03]} cxd6 {[%emt 0:00:01]} 28. Rd1 {
[%emt 0:00:02]} Qd7 {[%emt 0:01:02]} 29. Qd4 {[%emt 0:00:18]} d5 {[%emt 0:01:
00]} 30. Qxb6 {[%emt 0:00:09]} Re7 {[%emt 0:00:15]} 31. cxd5 {[%emt 0:00:22]}
Bxd5 {[%emt 0:00:05]} 32. Bc4 {[%emt 0:00:18]} Qb7 {[%emt 0:00:07]} 33. Qd8+ {
[%emt 0:00:06]} Kg7 {[%emt 0:00:10]} 34. Bxd5 {[%emt 0:00:02]} exd5 {[%emt 0:
00:01]} 35. Rxd5 {[%emt 0:00:03]} Qc7 {[%emt 0:00:09]} 36. Qxc7 {[%emt 0:00:05]
} Rxc7 {[%emt 0:00:00]} 37. Rxf5 {[%emt 0:00:08]} Rc2 {[%emt 0:00:04]} 38. Ra5
{[%emt 0:00:06]} Rxb2 {[%emt 0:00:05]} 39. Rxa4 {[%emt 0:00:02]} h6 {[%emt 0:
00:02]} 40. Rxe4 {[%emt 0:00:04]} Rxa2 {[%emt 0:00:01]} 41. Kg2 {[%emt 0:00:02]
} Kg6 {[%emt 0:00:01]} 42. Rb4 {[%emt 0:00:02]} h5 {[%emt 0:00:01]} 43. h3 {
[%emt 0:00:04]} Rc2 {[%emt 0:00:02]} 44. g4 {[%emt 0:00:02]} h4 {[%emt 0:00:00]
} 45. Rb6+ {[%emt 0:00:04]} 1-0

[Event "Hasselbacken Open 2021"]
[Site "Stockholm"]
[Date "2021.11.05"]
[Round "3.5"]
[White "Lindberg, Bengt"]
[Black "Adler, Bo"]
[Result "1-0"]
[WhiteElo "2378"]
[BlackElo "2137"]
[Annotator "ChessBase"]
[PlyCount "35"]
[EventDate "2021.11.05"]
[EventType "swiss"]
[EventCountry "SWE"]
[SourceTitle "playchess.com"]
[Source "ChessBase"]
[SourceQuality "1"]
[TimeControl "900+5"]

1. e4 {[%emt 0:00:02]} e5 {[%emt 0:00:04]} 2. Nf3 {[%emt 0:00:03]} Nc6 {
[%emt 0:00:02]} 3. Bb5 {[%emt 0:00:03]} a6 {[%emt 0:00:04]} 4. Ba4 {[%emt 0:00:
02]} Nf6 {[%emt 0:00:06]} 5. O-O {[%emt 0:00:05]} Nxe4 {[%emt 0:00:11]} 6. d4 {
[%emt 0:00:05]} b5 {[%emt 0:00:02]} 7. Bb3 {[%emt 0:00:02]} d5 {[%emt 0:00:02]}
8. dxe5 {[%emt 0:00:04]} Be6 {[%emt 0:00:02]} 9. Nbd2 {[%emt 0:00:08]} Nc5 {
[%emt 0:00:22]} 10. c3 {[%emt 0:00:07]} d4 {[%emt 0:00:37]} 11. Bxe6 {[%emt 0:
00:06]} Nxe6 {[%emt 0:00:02]} 12. cxd4 {[%emt 0:00:03]} Ncxd4 {[%emt 0:00:04]}
13. a4 {[%emt 0:00:05]} Be7 {[%emt 0:00:48]} 14. Nxd4 {[%emt 0:02:05]} Nxd4 {
[%emt 0:00:46]} 15. Qg4 {[%emt 0:01:42]} Ne6 {[%emt 0:00:34]} 16. Rd1 {[%emt 0:
00:37]} O-O {[%emt 0:01:22]} 17. Ne4 {[%emt 0:11:11]} Qc8 {[%emt 0:01:16]} 18.
Be3 {[%emt 0:00:00]} 1-0

[Event "Hasselbacken Open 2021"]
[Site "Stockholm"]
[Date "2021.11.05"]
[Round "1.9"]
[White "Gudmundsson, Gunnar Erik"]
[Black "Kucuksari, Kaan"]
[Result "0-1"]
[WhiteElo "1834"]
[BlackElo "2331"]
[Annotator "broadcasts"]
[PlyCount "82"]
[EventDate "2021.11.05"]
[EventType "swiss"]
[EventCountry "SWE"]
[TimeControl "900+5"]

1. d4 {[%emt 0:15:10]} Nf6 2. c4 {[%emt 0:00:05]} e6 {[%emt 0:15:15]} 3. Nc3 {
[%emt 0:00:05]} Bb4 {[%emt 0:00:05]} 4. Qc2 {[%emt 0:00:05]} O-O {[%emt 0:00:
05]} 5. Bg5 {[%emt 0:00:05]} d6 {[%emt 0:00:05]} 6. e3 {[%emt 0:00:05]} b6 {
[%emt 0:00:05]} 7. Bd3 {[%emt 0:00:05]} h6 {[%emt 0:00:05]} 8. Bh4 {[%emt 0:00:
05]} Bb7 {[%emt 0:00:05]} 9. f3 {[%emt 0:00:05]} c5 {[%emt 0:00:05]} 10. Nge2 {
[%emt 0:00:05]} cxd4 {[%emt 0:00:05]} 11. exd4 {[%emt 0:00:05]} d5 {[%emt 0:00:
05]} 12. cxd5 {[%emt 0:00:05]} Bxd5 {[%emt 0:00:05]} 13. O-O {[%emt 0:00:05]}
Be7 {[%emt 0:00:05]} 14. Ne4 {[%emt 0:00:05]} Nc6 {[%emt 0:00:05]} 15. Qa4 {
[%emt 0:00:05]} a6 {[%emt 0:00:05]} 16. a3 {[%emt 0:00:05]} b5 {[%emt 0:00:05]}
17. Qd1 {[%emt 0:00:05]} Na5 {[%emt 0:00:05]} 18. b4 {[%emt 0:00:05]} Nc4 {
[%emt 0:00:05]} 19. Bf2 {[%emt 0:00:05]} Nb2 {[%emt 0:00:05]} 20. Qd2 {[%emt 0:
00:05]} Nxd3 21. Qxd3 Bc4 {[%emt 0:00:10]} 22. Qd2 {[%emt 0:00:10]} a5 {
[%emt 0:00:05]} 23. Nc5 {[%emt 0:00:05]} axb4 {[%emt 0:00:05]} 24. axb4 {
[%emt 0:00:05]} Nd5 {[%emt 0:00:05]} 25. Rfc1 {[%emt 0:00:05]} Bg5 {[%emt 0:00:
05]} 26. f4 {[%emt 0:00:05]} Be7 {[%emt 0:00:05]} 27. Ng3 {[%emt 0:00:05]} Nf6
{[%emt 0:00:05]} 28. Re1 {[%emt 0:00:05]} Ng4 {[%emt 0:00:05]} 29. f5 {[%emt 0:
00:05]} Bg5 {[%emt 0:00:05]} 30. Qc2 {[%emt 0:00:05]} Nxf2 {[%emt 0:00:05]} 31.
Qxf2 {[%emt 0:00:05]} Rxa1 {[%emt 0:00:05]} 32. Rxa1 Bf6 {[%emt 0:00:05]} 33.
Rd1 {[%emt 0:00:10]} exf5 {[%emt 0:00:05]} 34. Nxf5 {[%emt 0:00:05]} Re8 {
[%emt 0:00:05]} 35. h3 {[%emt 0:00:05]} Bd5 {[%emt 0:00:05]} 36. Ne3 {[%emt 0:
00:05]} Ba8 {[%emt 0:00:05]} 37. Ng4 {[%emt 0:00:05]} Bh4 {[%emt 0:00:05]} 38.
Qf1 {[%emt 0:00:05]} Qd5 {[%emt 0:00:05]} 39. Rd2 {[%emt 0:00:05]} Re1 {
[%emt 0:00:05]} 40. Qxe1 {[%emt 0:00:05]} Bxe1 {[%emt 0:00:05]} 41. Re2 {
[%emt 0:00:05]} Bg3 {[%emt 0:00:05]} 0-1

[Event "Hasselbacken Open 2021"]
[Site "Stockholm"]
[Date "2021.11.05"]
[Round "3.6"]
[White "Lind, Jan-Olov"]
[Black "Sorensen, Hampus"]
[Result "0-1"]
[WhiteElo "2196"]
[BlackElo "2377"]
[Annotator "ChessBase"]
[PlyCount "76"]
[EventDate "2021.11.05"]
[EventType "swiss"]
[EventCountry "SWE"]
[SourceTitle "playchess.com"]
[Source "ChessBase"]
[SourceQuality "1"]
[TimeControl "900+5"]

1. e4 {[%emt 0:00:03]} e5 {[%emt 0:00:02]} 2. Nf3 {[%emt 0:00:09]} Nc6 {
[%emt 0:00:02]} 3. d4 {[%emt 0:00:02]} exd4 {[%emt 0:00:01]} 4. c3 {[%emt 0:00:
01]} Nf6 {[%emt 0:00:19]} 5. e5 {[%emt 0:00:02]} Nd5 {[%emt 0:00:24]} 6. cxd4 {
[%emt 0:00:21]} Bb4+ {[%emt 0:00:15]} 7. Bd2 {[%emt 0:00:14]} Bxd2+ {[%emt 0:
00:07]} 8. Nbxd2 {[%emt 0:00:17]} d6 {[%emt 0:00:08]} 9. Bb5 {[%emt 0:00:36]}
O-O {[%emt 0:00:08]} 10. O-O {[%emt 0:00:28]} Nce7 {[%emt 0:00:11]} 11. Re1 {
[%emt 0:02:15]} Bf5 {[%emt 0:00:33]} 12. Ne4 {[%emt 0:00:43]} dxe5 {[%emt 0:00:
42]} 13. Nxe5 {[%emt 0:00:47]} Ng6 {[%emt 0:00:21]} 14. Nxg6 {[%emt 0:01:04]}
Bxg6 {[%emt 0:00:37]} 15. Qf3 {[%emt 0:00:57]} c6 {[%emt 0:00:08]} 16. Bf1 {
[%emt 0:02:49]} Qb6 {[%emt 0:00:05]} 17. Nc5 {[%emt 0:00:57]} Qxb2 {[%emt 0:00:
24]} 18. Rad1 {[%emt 0:00:22]} Rad8 {[%emt 0:00:47]} 19. h4 {[%emt 0:00:06]} h6
{[%emt 0:00:32]} 20. h5 {[%emt 0:00:08]} Bh7 {[%emt 0:00:01]} 21. Bd3 {[%emt 0:
00:10]} Bxd3 {[%emt 0:00:08]} 22. Rxd3 {[%emt 0:00:17]} Rfe8 {[%emt 0:00:14]}
23. Rxe8+ {[%emt 0:00:18]} Rxe8 {[%emt 0:00:01]} 24. Kh2 {[%emt 0:01:21]} Re7 {
[%emt 0:01:16]} 25. Qf5 {[%emt 0:00:24]} Qe2 {[%emt 0:00:41]} 26. Rf3 {[%emt 0:
00:32]} b6 {[%emt 0:02:29]} 27. Qc8+ {[%emt 0:00:34]} Re8 {[%emt 0:00:03]} 28.
Qxc6 {[%emt 0:00:03]} Nb4 {[%emt 0:00:06]} 29. Qd7 {[%emt 0:00:13]} bxc5 {
[%emt 0:00:04]} 30. Qxf7+ {[%emt 0:00:03]} Kh8 {[%emt 0:00:01]} 31. dxc5 {
[%emt 0:00:08]} Qe6 {[%emt 0:00:32]} 32. Qxa7 {[%emt 0:00:12]} Qe5+ {[%emt 0:
00:01]} 33. g3 {[%emt 0:00:10]} Qxh5+ {[%emt 0:00:12]} 34. Kg2 {[%emt 0:00:03]}
Re1 {[%emt 0:00:23]} 35. Qb8+ {[%emt 0:00:34]} Kh7 {[%emt 0:00:03]} 36. g4 {
[%emt 0:00:03]} Qh1+ {[%emt 0:00:21]} 37. Kg3 {[%emt 0:00:01]} Rg1+ {[%emt 0:
00:01]} 38. Kf4 {[%emt 0:00:02]} Qh2+ {[%emt 0:00:02]} 0-1

[Event "Hasselbacken Open 2021"]
[Site "Stockholm"]
[Date "2021.11.05"]
[Round "1.10"]
[White "Bellon Lopez, Juan Manuel"]
[Black "Lager, Thomas"]
[Result "1-0"]
[WhiteElo "2326"]
[BlackElo "1832"]
[Annotator "NA"]
[PlyCount "69"]
[EventDate "2021.11.05"]
[EventType "swiss"]
[EventCountry "SWE"]
[SourceTitle "playchess.com"]
[Source "ChessBase"]
[SourceQuality "1"]
[TimeControl "900+5"]

1. d4 {[%emt 0:00:02]} Nf6 {[%emt 0:00:06]} 2. Bg5 {[%emt 0:00:01]} d5 {
[%emt 0:00:36]} 3. Bxf6 {[%emt 0:00:03]} exf6 {[%emt 0:00:09]} 4. e3 {[%emt 0:
00:02]} c5 {[%emt 0:01:31]} 5. dxc5 {[%emt 0:00:52]} Bxc5 {[%emt 0:00:03]} 6.
c3 {[%emt 0:00:15]} O-O {[%emt 0:00:37]} 7. Nd2 {[%emt 0:00:07]} Nc6 {[%emt 0:
01:21]} 8. Nb3 {[%emt 0:00:04]} Bb6 {[%emt 0:00:28]} 9. Ne2 {[%emt 0:00:22]}
Bc7 {[%emt 0:01:15]} 10. g3 {[%emt 0:00:46]} Bf5 {[%emt 0:00:55]} 11. Bg2 {
[%emt 0:00:56]} Be4 {[%emt 0:00:24]} 12. O-O {[%emt 0:00:57]} Qe7 {[%emt 0:01:
14]} 13. Nbd4 {[%emt 0:00:59]} Rad8 {[%emt 0:02:04]} 14. Nxc6 {[%emt 0:00:41]}
bxc6 {[%emt 0:00:01]} 15. Nd4 {[%emt 0:01:14]} c5 {[%emt 0:00:25]} 16. Nc6 {
[%emt 0:00:15]} Qe6 {[%emt 0:00:07]} 17. Nxd8 {[%emt 0:00:03]} Rxd8 {[%emt 0:
00:01]} 18. Qa4 {[%emt 0:00:35]} Bb6 {[%emt 0:00:14]} 19. Bxe4 {[%emt 0:00:14]}
dxe4 {[%emt 0:00:11]} 20. Rad1 {[%emt 0:00:05]} Rd3 {[%emt 0:00:13]} 21. Rxd3 {
[%emt 0:00:41]} exd3 {[%emt 0:00:01]} 22. c4 {[%emt 0:00:09]} Qe5 {[%emt 0:00:
27]} 23. Qd7 {[%emt 0:00:22]} h5 {[%emt 0:00:11]} 24. Qxd3 {[%emt 0:00:21]}
Qxb2 {[%emt 0:00:14]} 25. Qb3 {[%emt 0:00:27]} Qe2 {[%emt 0:00:16]} 26. h4 {
[%emt 0:00:21]} g5 {[%emt 0:00:20]} 27. hxg5 {[%emt 0:00:48]} fxg5 {[%emt 0:00:
02]} 28. Qd1 {[%emt 0:00:03]} Qxc4 {[%emt 0:00:06]} 29. Qxh5 {[%emt 0:00:04]}
Bd8 {[%emt 0:01:56]} 30. Rd1 {[%emt 0:00:02]} Bf6 {[%emt 0:00:01]} 31. Rd6 {
[%emt 0:00:10]} Kg7 {[%emt 0:00:09]} 32. Qf3 {[%emt 0:01:08]} Qc3 {[%emt 0:00:
20]} 33. Kg2 {[%emt 0:00:31]} Qe5 {[%emt 0:00:18]} 34. Qd5 {[%emt 0:00:24]} Qb2
{[%emt 0:01:22]} 35. Rd7 {[%emt 0:00:07]} 1-0

[Event "Hasselbacken Open 2021"]
[Site "Stockholm"]
[Date "2021.11.05"]
[Round "3.7"]
[White "Lindgren, Philip"]
[Black "Wahlund, Max"]
[Result "1-0"]
[WhiteElo "2357"]
[BlackElo "2079"]
[Annotator "ChessBase"]
[PlyCount "55"]
[EventDate "2021.11.05"]
[EventType "swiss"]
[EventCountry "SWE"]
[SourceTitle "playchess.com"]
[Source "ChessBase"]
[SourceQuality "1"]
[TimeControl "900+5"]

1. d4 {[%emt 0:15:10]} Nf6 {[%emt 0:15:10]} 2. c4 {[%emt 0:00:05]} e6 {[%emt 0:
00:05]} 3. Nf3 {[%emt 0:00:05]} Bb4+ {[%emt 0:00:05]} 4. Nbd2 {[%emt 0:00:05]}
d5 {[%emt 0:00:05]} 5. e3 {[%emt 0:00:05]} O-O {[%emt 0:00:05]} 6. Be2 {
[%emt 0:00:05]} b6 {[%emt 0:00:05]} 7. O-O {[%emt 0:00:05]} Bb7 {[%emt 0:00:05]
} 8. a3 {[%emt 0:00:05]} Be7 {[%emt 0:00:05]} 9. b3 {[%emt 0:00:05]} c5 {
[%emt 0:00:05]} 10. dxc5 {[%emt 0:00:05]} bxc5 {[%emt 0:00:05]} 11. Bb2 {
[%emt 0:00:05]} Nc6 {[%emt 0:00:05]} 12. cxd5 {[%emt 0:00:05]} exd5 {[%emt 0:
00:05]} 13. Qc2 {[%emt 0:00:05]} Rc8 {[%emt 0:00:05]} 14. Rac1 {[%emt 0:00:05]}
d4 {[%emt 0:00:05]} 15. exd4 {[%emt 0:00:05]} Nxd4 {[%emt 0:00:05]} 16. Nxd4 {
[%emt 0:00:05]} cxd4 {[%emt 0:00:05]} 17. Qd3 {[%emt 0:00:05]} Qa5 {[%emt 0:00:
05]} 18. b4 {[%emt 0:00:05]} Qg5 {[%emt 0:00:05]} 19. Nf3 {[%emt 0:00:05]} Qh6
{[%emt 0:00:05]} 20. Qxd4 {[%emt 0:00:05]} Be4 {[%emt 0:00:05]} 21. Qe5 {
[%emt 0:00:05]} Rce8 {[%emt 0:00:05]} 22. Bb5 {[%emt 0:00:05]} Bxb4 {[%emt 0:
00:05]} 23. Bxe8 {[%emt 0:00:05]} Rxe8 {[%emt 0:00:05]} 24. Qb5 {[%emt 0:00:05]
} Bxf3 {[%emt 0:00:05]} 25. Bxf6 {[%emt 0:00:05]} Qg6 {[%emt 0:00:05]} 26.
Qxe8+ {[%emt 0:00:05]} Bf8 {[%emt 0:00:05]} 27. Qxf8+ {[%emt 0:00:05]} Kxf8 {
[%emt 0:00:05]} 28. Rc8# 1-0

[Event "Hasselbacken Open 2021"]
[Site "Stockholm"]
[Date "2021.11.05"]
[Round "2.1"]
[White "Westerberg, Jonathan"]
[Black "Karlsson, Jorgen"]
[Result "1-0"]
[WhiteElo "2495"]
[BlackElo "2042"]
[Annotator "TA"]
[PlyCount "86"]
[EventDate "2021.11.05"]
[EventType "swiss"]
[EventCountry "SWE"]
[SourceTitle "playchess.com"]
[Source "ChessBase"]
[SourceQuality "1"]

{[%evp 9,86,41,50,28,31,33,60,41,99,92,127,137,128,113,131,94,104,93,148,118,
146,152,168,165,167,162,143,57,317,317,563,564,543,533,776,758,874,554,932,920,
1114,906,914,898,959,583,573,549,755,447,452,448,474,352,389,381,383,341,349,
341,332,269,265,0,329,332,337,321,402,384,454,436,466,504,499,470,511,493,429]
} 1. e4 g6 2. d4 Bg7 3. Nc3 d6 4. f4 a6 5. Nf3 b5 6. e5 {B06: Modern Defence.}
Nh6 7. Bd3 Bb7 8. O-O {White is slightly better.} e6 (8... O-O $14) 9. Ne4 Bxe4
10. Bxe4 d5 11. Bd3 Nd7 12. Qe1 {[#]} O-O $146 ({Predecessor:} 12... c5 13.
dxc5 Nxc5 14. Bd2 Nxd3 15. cxd3 O-O 16. Rc1 Rc8 17. Qe3 Nf5 18. Qa7 Ra8 {
1/2-1/2 (31) Van Randen,F-Burton,R (2044) Cobo Bay 2005}) 13. a4 c6 ({Better is
} 13... c5) 14. c3 c5 15. axb5 c4 16. Bc2 axb5 17. Rxa8 Qxa8 {[#]} 18. Ng5 (18.
h3 $1 $16) 18... Nf5 $2 {[%mdl 8192] [#]} ({Black should play} 18... Re8 $14)
19. g4 $1 $18 Ne7 $2 (19... Qc6 {keeps fighting.} 20. gxf5 exf5) 20. Qh4 {
[%csl Gg5][%cal Rh4h7]} h6 {[#]} 21. Nxe6 {[%mdl 576] Discovered Attack} g5 (
21... fxe6 22. Qxe7) 22. Nxg5 f5 23. exf6 Nxf6 24. Ne6 Rf7 25. Nxg7 Kxg7 26. f5
Neg8 27. g5 hxg5 28. Bxg5 Qa2 29. Bc1 Kf8 30. Kh1 Qa7 31. Qg3 Rg7 32. Qd6+ Qe7
33. Bf4 Qxd6 34. Bxd6+ Ke8 35. Be5 Ra7 36. Bd6 $2 ({White should try} 36. Kg2
$18) 36... Kd7 $2 {[%mdl 8192]} (36... Rg7 $1 $11 37. Ra1 Rd7) 37. Bc5 Ra8 38.
Re1 Ng4 39. Kg2 Re8 40. Rxe8 {White is clearly winning.} Kxe8 41. Kg3 Ne3 42.
Bb1 Nf6 43. Kf4 Nd1 {Weighted Error Value: White=0.62/Black=0.64} 1-0

[Event "Hasselbacken Open 2021"]
[Site "Stockholm"]
[Date "2021.11.05"]
[Round "3.8"]
[White "Lundin, Jan"]
[Black "Kucuksari, Kaan"]
[Result "0-1"]
[WhiteElo "2164"]
[BlackElo "2331"]
[Annotator "broadcasts"]
[PlyCount "50"]
[EventDate "2021.11.05"]
[EventType "swiss"]
[EventCountry "SWE"]
[TimeControl "900+5"]

1. d4 {[%emt 0:00:04]} Nf6 {[%emt 0:00:02]} 2. c4 {[%emt 0:00:01]} e6 {[%emt 0:
00:01]} 3. Nc3 {[%emt 0:00:01]} Bb4 {[%emt 0:00:01]} 4. Bg5 {[%emt 0:00:02]} c5
{[%emt 0:00:02]} 5. d5 {[%emt 0:00:02]} h6 {[%emt 0:00:12]} 6. Bh4 {[%emt 0:00:
01]} d6 {[%emt 0:01:58]} 7. Nf3 {[%emt 0:00:05]} exd5 {[%emt 0:00:38]} 8. cxd5
{[%emt 0:00:03]} g5 {[%emt 0:00:39]} 9. Bg3 {[%emt 0:00:02]} Ne4 {[%emt 0:00:
01]} 10. Rc1 {[%emt 0:01:56]} Qf6 {[%emt 0:02:20]} 11. Nd2 {[%emt 0:02:03]}
Nxg3 12. hxg3 {[%emt 0:00:10]} Nd7 {[%emt 0:02:58]} 13. e3 {[%emt 0:01:16]} Ne5
{[%emt 0:00:55]} 14. Be2 {[%emt 0:00:05]} g4 {[%emt 0:01:10]} 15. O-O {[%emt 0:
01:40]} h5 {[%emt 0:00:09]} 16. Nde4 {[%emt 0:02:54]} Qh6 {[%emt 0:00:29]} 17.
Nb5 {[%emt 0:00:18]} h4 {[%emt 0:00:49]} 18. Nbxd6+ {[%emt 0:01:36]} Kf8 {
[%emt 0:00:02]} 19. f4 {[%emt 0:01:32]} gxf3 {[%emt 0:00:17]} 20. Rxf3 {
[%emt 0:01:21]} Nxf3+ {[%emt 0:00:11]} 21. Bxf3 {[%emt 0:00:06]} hxg3 {[%emt 0:
00:05]} 22. Kf1 {[%emt 0:00:17]} Qxe3 {[%emt 0:02:30]} 23. Nxg3 {[%emt 0:00:03]
} c4 {[%emt 0:00:13]} 24. Nxc4 {[%emt 0:00:06]} Qf4 {[%emt 0:00:06]} 25. Nh5 {
[%emt 0:00:43]} Rxh5 {[%emt 0:01:22]} 0-1